000 00678nam a2200181Ia 4500
003 GCL
008 140319s9999 xx 000 0 ara d
040 _aGCL /
_cGCL
082 0 4 _a940.2
_bع ت
100 1 _aعبدالرحيم عبدالرحمن عبدالرحيم
245 1 0 _aالتاريخ الاوربى الحديث والمعاصر /
_cعبدالرحيم عبدالرحمن عبدالرحيم
260 _aالقاهرة :
_bدار الكتاب الجامعى ،
_c1986
300 _a350 ص
650 0 4 _aالثورة الفرنسية
650 0 4 _aاوربا - تاريخ - العصر الحديث
650 0 4 _aالاتحاد الاوروبى
942 _2ddc
_cBK
999 _c44840
_d44840